000 00474nam a22001817a 4500
003 koha_MIRAKIL
005 20231213100401.0
008 231213b |||||||| |||| 00| 0 ||| d
020 _b978-6-05-090409-3
040 _aTR-IsEVY
_btur
_cTR-IsEVY
082 _a508 DEN/A
100 _aDenhez, Frêderic.
245 0 _aAkademini hayvanlar
260 _bDoğan Egmont ,
_c2011
300 _a39 s.
650 _aÇocuk edebiyatı -- Bilim -- Hayvanlar.
942 _2ddc
_cBK
999 _c19083
_d19083